Pilot Alphabet Quiz - Statistics

General Stats
  • This quiz has been taken 5,747 times
  • The average score is 22 of 26
Answer Stats
Letter Answer % Correct
A Alpha
100%
C Charlie
97%
B Bravo
96%
D Delta
96%
E Echo
93%
F Foxtrot
92%
H Hotel
88%
L Lima
88%
G Golf
87%
I India
87%
J Juliet
86%
K Kilo
86%
X X-ray
84%
N November
83%
Z Zulu
83%
T Tango
82%
P Papa
81%
Q Quebec
81%
R Romeo
81%
M Mike
80%
S Sierra
80%
O Oscar
79%
W Whiskey
78%
Y Yankee
77%
U Uniform
75%
V Victor
75%
No matching quizzes found
Score Distribution
Percent of People with Each Score
Percentile by Number Answered
Your Score History
You have not taken this quiz